000
00307nam a2200133Ia 4500
008
190723s9999 xx 000 0 und d
020
_a
978-93-325-8573-7
100
_a
Paul Deitel
245
0
_a
C++ How to programing
250
_a
10th
260
_a
India
_b
Pearson
_c
2017
300
_a
1070.:p
942
_c
BK
999
_c
1866
_d
1866